[Event "GER-chT WK 3 U16"]
[Site "Kiel"]
[Date "2007.05.17"]
[Round "1.3"]
[White "Harloff, Alexander"]
[Black "Kuring, Marcel"]
[Result "1-0"]
[WhiteElo "1183"]
[BlackElo "1036"]
[PlyCount "97"]
[EventDate "2007.05.17"]
[EventType "team-swiss"]
[EventRounds "7"]
[EventCountry "GER"]
[SourceTitle "EXT 2008"]
[Source "ChessBase"]
[SourceDate "2007.11.25"]
[SourceVersion "1"]
[SourceVersionDate "2007.11.25"]
[SourceQuality "1"]

1. e4 e5 2. Nf3 Nc6 3. Nc3 Nf6 4. Bb5 d6 5. d4 Bd7 6. dxe5 dxe5 7. Bxc6 Bxc6 8. Qxd8+ Rxd8 9. Bg5 Be7 10. Nxe5 Bxe4 11. Bxf6 Bxf6 12. Nxe4 Bxe5 13. c3 0-0 14. 0-0 Rfe8 15. Nc5 b6 16. Nb3 Bf6 17. Rfe1 h6 18. h3 c5 19. Rad1 c4 20. Rxe8+ Rxe8 21. Nd4 Bxd4 22. Rxd4 Re1+ 23. Kh2 Re2 24. Rxc4 Rxb2 25. Ra4 a5 26. f3 Rc2 27. Ra3 Kh7 28. Kg1 f6 29. g4 Kg6 30. f4 f5 31. Rb3 fxg4 32. hxg4 Kh7 33. Rxb6 Rxc3 34. Rb3 Rc4 35. Rf3 g5 36. Kg2 Rxf4 37. Rxf4 gxf4 38. Kf3 Kg6 39. Kxf4 h5 40. gxh5+ Kxh5 41. Ke5 Kg5 42. Kd5 Kf5 43. a4 Kf6 44. Kc5 Ke6 45. Kb5 Kd6 46. Kxa5 Kc5 47. Ka6 Kc6 48. a5 Kc5 49. Kb7 1-0